Brawlhalla legends - Statistics

General Stats
  • This quiz has been taken 445 times
  • The average score is 38 of 60
Answer Stats
Answer % Correct
Bodvar
89%
Orion
88%
Mordex
82%
Cassidy
81%
Lord vraxx
79%
Artemis
78%
Nix
75%
Hattori
72%
Teros
72%
Queen nai
71%
Mirage
68%
Xull
68%
Mako
67%
Sir roland
67%
Kor
66%
Loki
66%
Wu shang
66%
Asuri
65%
Red raptor
65%
Tezca
65%
Koji
64%
Scarlet
64%
Ada
63%
Magyar
63%
Petra
63%
Brynn
62%
Ember
62%
Gnash
62%
Jaeyun
62%
Lucien
62%
Rayman
62%
Val
62%
Onyx
61%
Ulgrim
61%
Caspian
60%
Kaya
60%
Sidra
60%
Yumiko
60%
Arcadia
59%
Cross
59%
Diana
59%
Jiro
59%
Thatch
59%
Thea
59%
Thor
58%
Fait
57%
Sentinel
57%
Isaiah
56%
Lin fei
56%
Vector
56%
Ezio
55%
Zariel
54%
Barraza
53%
Ragnir
53%
Dusk
52%
Jhala
52%
Volkov
52%
Munin
51%
Azoth
50%
Reno
49%
No matching quizzes found
Score Distribution
Percent of People with Each Score
Percentile by Number Answered
Your Score History
You have not taken this quiz